000 00413nam a2200181Ia 4500
001 2670
005 20260306144824.0
008 260306t2009||||xx |||||||||||||| ||spa||
041 _aESP
082 _a204
_bN49 V. 2
100 _aNewman, John Henry
_eAUT
245 0 _aEnsayos críticos e históricos
260 _c2009
300 _a
_c23 cm.
650 _aGEN
654 _aCHU
942 _cLIB
_dJUS
_fJUS
_2ddc
_n
999 _c2670
_d2670